| 000 | 00359aam a2200157 4500 | ||
|---|---|---|---|
| 005 | 20250207184948.0 | ||
| 008 | 150721b2001 xxu||||| |||| 00| 0 spa d | ||
| 041 | _aING | ||
| 082 | _aR 423 O98o | ||
| 245 | _aPhrasal verbs | ||
| 260 |
_aInglaterra _bOxford _c2001 |
||
| 300 | _a393 páginas | ||
| 650 | _aINGLÉS | ||
| 650 | _aDICCIONARIO | ||
| 942 |
_cREF _2ddc |
||
| 999 |
_c8682 _d8682 |
||